000 00829cab a2200253 4500
001 WB3335-54
008 090401t1997 xxu||||| |||| 00| 0 eng d
035 _a(Sirsi) u80788
041 _aeng
245 _aTransport futures trading next year
260 _c1997
350 _a0
490 _aFinancial Times
_v11 September 1997, 30(1)
520 _aA transport futures exchange is to be set up on the internet next year to help solve forward planning problems faced by hauliers and companies shipping goods around the world.
650 _aFINANCE
650 _aFREIGHT TRANSPORT
650 _aFUTURES
650 _aPAN-EUROPEAN TRANSPORTATION FUTURES EXCHANGE
650 _aPENSKE LOGISTICS EUROPE
650 _aTRANSPORT FUTURES
690 _aTRANSPORT AND COMMUNICATIONS
942 _n0
948 _c11/09/1997
999 _c50876
_d50876